Rob's General Knowledge - Multiple Choice #3 - Statistics

General Stats
  • This quiz has been taken 23 times
  • The average score is 11 of 20
Answer Stats
Question Answer % Correct
Which of the following was NOT one of the Brontë sisters? Jane
100%
Which Shakespearean character killed King Duncan? Macbeth
100%
Gunnersaurus Rex is the mascot of which English football team? Arsenal
80%
Which of the following is NOT one of the lines on the London Underground? Churchill Line
80%
Which book of the Bible tells the story of Moses freeing the Israelites from slavery? Exodus
80%
Viagra was originally developed to treat which common condition? High blood pressure
80%
Ferdinand and Imelda Marcos led a kleptocratic dictatorship in which country? Philippines
80%
In 1930, which country hosted the first FIFA World Cup? Uruguay
80%
Who famously starred as 'The Man With No Name'? Clint Eastwood
60%
Aleph, Bet, Gimel and Dalet are the first four letters in which alphabet? Hebrew
60%
Someone suffering from hyperhidrosis has a tendency to excessively do what? Sweat
60%
Which of the following countries is NOT a member of the Commonwealth of Nations? Comoros
40%
The 2005 Madonna hit 'Hung Up' samples which ABBA song? Gimme! Gimme! Gimme!
40%
Alongside English, Gilbertese is the official language of which country? Kiribati
40%
Which of the following movies is NOT primarily set on Mars? Mars Attacks!
40%
What is the most common blood type? O
40%
Marvin the Paranoid Android appeared in which science-fiction novel? The Hitchhiker's Guide to the Galaxy
40%
What was the first animal to be sent into space? Fruit fly
0%
Which is the largest ethnic group of Nigeria? Hausa
0%
Since 1990, which country has been continuously ruled by the SWAPO party? Namibia
0%
No matching quizzes found
Score Distribution
Percent of People with Each Score
Percentile by Number Answered
Your Score History
You have not taken this quiz